Statistics for DreamWorks Movies Quiz

Click here to take the quiz!

General Stats

  • This quiz has been taken 380 times
    (75 since last reset)
  • The average score is 22 of 46

Answer Stats

ReleaseMovie% Correct
2001Shrek
96%
2004Shrek 2
96%
2010Shrek Forever After
96%
2007Shrek the Third
96%
2008Kung Fu Panda
72%
2011Kung Fu Panda 2
72%
2016Kung Fu Panda 3
72%
2024Kung Fu Panda 4
72%
2011Puss in Boots
69%
2022Puss in Boots : The Last Wish
69%
1998Antz
59%
2010How to Train your Dragon
59%
2014How to Train your Dragon 2
59%
2019How to Train your Dragon : The Hidden World
59%
2010Megamind
56%
2014Penguins of Madagascar
56%
2005Madagascar
54%
2008Madagascar 2
52%
2012Madagascar 3
52%
2016Trolls
43%
2023Trolls : Band Together
43%
2020Trolls : World Tour
43%
1998The Prince of Egypt
41%
2000The Road to El Dorado
41%
2009Monsters vs Aliens
39%
2004Shark Tale
39%
2007The Bee Movie
39%
2006Over the Hedge
37%
2013The Croods
37%
2020The Croods : A New Age
37%
2013Turbo
37%
2022The Bad Guys
35%
2017The Boss Baby
35%
2021The Boss Baby : Family Business
35%
2015Home
33%
2002Spirit : Stallion of the Cimarron
31%
2021Spirit Untamed
31%
2000Chicken Run
30%
2003Sinbad : Legend of the Seven Seas
30%
2012Rise of the Guardians
28%
2005Wallace and Gromit : The Curse of the Were-Rabbit
26%
2017Captain Underpants : The First Epic Movie
24%
2006Flushed Away
24%
2014Mr Peabody and Sherman
24%
2019Abominable
22%
2023Ruby Gillman Teenage Kraken
19%

Score Distribution

Percentile by Number Answered

Percent of People with Each Score

Your Score History

You have not taken this quiz since the last reset